000
00331nam a2200145Ia 4500
008
230718s9999 xx 000 0 und d
041
_a
Eng.
082
_a
344.12
_b
ZAR-D
100
_a
Zara Dr Andleeb
245
0
_a
Drug Law in Pakistan
260
_a
Pakistan
_b
Manzoor law House
300
_a
983
650
_a
Law
999
_c
29935
_d
29935